|
|
|
|
| LEADER |
00000nam a2200000 a 4500 |
| 001 |
vtls009000249 |
| 003 |
SK-MaSNL |
| 005 |
20260331205101.0 |
| 008 |
070619s2006 xo ol f c 000 0 slo |
| 015 |
|
|
|a SNBE2008/01-00371
|
| 040 |
|
|
|a SNK
|b slo
|c SNK
|e AACR2
|
| 041 |
0 |
|
|a slo
|a eng
|
| 043 |
|
|
|a e-xo---
|
| 044 |
|
|
|a xo
|c SK
|
| 072 |
|
7 |
|a 7.01/.09
|x Umenie
|2 konspekt
|
| 080 |
|
|
|a 7.025.3/.4
|2 2001
|
| 080 |
|
|
|a 692.82
|2 2001
|
| 080 |
|
|
|a 692.81
|2 2001
|
| 080 |
|
|
|a (437.6)
|2 2001
|
| 080 |
|
|
|a (083.824)
|2 2001
|
| 100 |
1 |
|
|a Chovanová, Iveta
|4 cur
|9 310934
|
| 245 |
1 |
0 |
|a Premeny historických okien & dverí
|b Banská Štiavnica 21.9.2006-31.10.2006
|c Iveta Chovanová & Andrea Nižňanská
|
| 246 |
1 |
1 |
|a Metamorphoses of the historic doors & windows
|
| 250 |
|
|
|a [1. vyd.]
|
| 260 |
|
|
|a Banská Štiavnica
|b Občianske združenie Spolok Banskej Štiavnice´91
|c 2006
|
| 300 |
|
|
|a 55 s.
|b fotogr., nákresy
|c 30 cm
|
| 546 |
|
|
|a Text a tir. angl.
|
| 650 |
0 |
7 |
|a obnova a rekonštrukcia pamiatok
|2 SNKPH
|9 91110
|
| 650 |
0 |
7 |
|a okná
|2 SNKPH
|9 21896
|
| 650 |
0 |
7 |
|a dvere
|2 SNKPH
|9 24258
|
| 651 |
|
7 |
|a Banská Štiavnica (Slovensko)
|2 SNKPH
|9 16373
|
| 655 |
|
7 |
|a katalógy výstav
|2 SNKPH
|9 70445
|
| 700 |
1 |
|
|a Nižňanská, Andrea
|4 cur
|9 310937
|
| 999 |
|
|
|c 1118656
|d 1120586
|
| 952 |
|
|
|a SNK
|b SNK
|y PREZ
|7 0
|p 17A0554877
|o snkOSB 14891
|i snk2007/15609
|8 0
|0 0
|1 0
|4 0
|d 2007-06-19
|l 0
|r 2026-02-24 18:23:40
|w 2026-02-24
|
| 952 |
|
|
|a SNK
|b SNK
|y VYP
|7 0
|p 17A0554876
|o snkOSB 14891 D1
|i snk2007/15610
|8 0
|0 0
|1 0
|4 0
|d 2007-06-19
|l 0
|r 2026-02-24 18:23:40
|w 2026-02-24
|